[Event "UT Dallas Fall GM Inv 2012"]
[Site "Dallas USA"]
[Date "2012.11.16"]
[Round "1"]
[White "Pavlovic,MilosM"]
[Black "Hughes,T"]
[Result "1-0"]
[WhiteElo "2477"]
[BlackElo "2289"]

1.e4 g6 2.d4 Bg7 3.Nc3 d5 4.exd5 Nf6 5.Bc4 Nbd7 6.Bg5 O-O 7.Bb3 Nb6 8.Bxf6 exf6
9.Qf3 a5 10.a3 a4 11.Ba2 Bf5 12.O-O-O Qc8 13.h3 c6 14.g4 Bd7 15.Nge2 Ra5
16.Ng3 cxd5 17.Nxd5 Nxd5 18.Bxd5 Qc7 19.Rhe1 Rc8 20.c3 Qd6 21.Ba2 Rb5 22.c4 Be6
23.Qc3 Qf4+ 24.Kb1 Qxf2 25.Ne4 Qf4 26.Qd2 Qxd2 27.Rxd2 Rb6 28.d5 Bd7 29.c5 Ra6
30.d6 Be6 31.Nxf6+ Bxf6 32.Rxe6 Kg7 33.d7  1-0

[Event "22nd World Seniors Women"]
[Site "Kamena Vourla GRE"]
[Date "2012.11.16"]
[Round "4.3"]
[White "Miednikova,S"]
[Black "Lopatin,O"]
[Result "1-0"]
[WhiteElo "2193"]
[BlackElo "2091"]

1.e4 a6 2.d4 g6 3.Nc3 Bg7 4.g3 b5 5.Bg2 Bb7 6.d5 d6 7.Be3 Nf6 8.Qd2 h5 9.h4 c5
10.dxc6 Bxc6 11.Nd5 Nbd7 12.Ne2 O-O 13.O-O Ne5 14.Bd4 Nc4 15.Nxf6+ Bxf6 16.Qc1 Bg7
17.Bxg7 Kxg7 18.Nd4 Bd7 19.b3 Ne5 20.Qb2 f6 21.f3 Kh7 22.c3 Rc8 23.Qd2 Rg8
24.f4 Qb6 25.fxe5 dxe5 26.Rf2 exd4 27.cxd4 Bg4 28.Kh2 Qc7 29.Re1 Qc3 30.Qxc3 Rxc3
31.e5 fxe5 32.Rxe5 Rg7 33.Bb7 Bc8 34.Be4 Kh6 35.Rf8 Rh7 36.Re8 Bf5 37.Bxf5 gxf5
38.Re6+ Kg7 39.R8xe7+ Kg8 40.Rg6+  1-0

[Event "WY BU18 2012"]
[Site "Maribor SLO"]
[Date "2012.11.16"]
[Round "9.12"]
[White "Draskovic,L"]
[Black "Kadric,D"]
[Result "0-1"]
[WhiteElo "2336"]
[BlackElo "2459"]

1.e4 g6 2.d4 Bg7 3.Nc3 a6 4.Nf3 d6 5.h3 Nd7 6.Bc4 e6 7.O-O Ne7 8.a4 b6 9.Bg5 h6
10.Be3 O-O 11.Qd2 Kh7 12.Nh2 Nf6 13.Bd3 Bb7 14.Ng4 Nxg4 15.hxg4 d5 16.e5 c5
17.Nd1 cxd4 18.Bxd4 Nc6 19.Qe3 Nxd4 20.Qxd4 Qc7 21.f4 f6 22.exf6 Bxf6 23.Qf2 Qc5
24.Qxc5 bxc5 25.c3 Bc6 26.Re1 Bd7 27.g3 Rfb8 28.Ra2 Kg7 29.Kf2 Rb6 30.Re2 Rab8
31.Rd2 d4 32.Bc4 e5 33.cxd4 cxd4 34.fxe5 Bxe5 35.Be2 Rb3 36.Rd3 Rxd3 37.Bxd3 Bxg4
38.Ra1 a5 39.Bb5 Rf8+ 40.Kg2 Rf3 41.Nf2 Rxg3+ 42.Kf1 Bf5 43.Re1 Re3 44.Rc1 Rb3  0-1

[Event "WY BU14 2012"]
[Site "Maribor SLO"]
[Date "2012.11.16"]
[Round "9.35"]
[White "Zamengo,F"]
[Black "Bayramov,Zaur"]
[Result "0-1"]
[WhiteElo "2072"]
[BlackElo "1941"]

1.e4 g6 2.d4 Bg7 3.Nc3 c5 4.d5 d6 5.Nf3 Nf6 6.Bb5+ Nbd7 7.a4 O-O 8.O-O a6
9.Be2 Rb8 10.Re1 Qc7 11.Nd2 b6 12.f4 Bb7 13.Ra3 e6 14.Nc4 exd5 15.exd5 Rfe8
16.Bf3 Rxe1+ 17.Qxe1 Re8 18.Qg3 Bf8 19.Rb3 Ba8 20.Bd2 Qa7 21.Qf2 Rb8 22.Qf1 Ne8
23.f5 Bg7 24.Bf4 Ne5 25.Qe2 Nxc4 26.Qxc4 Be5 27.Ne2 b5 28.axb5 axb5 29.Rxb5 Qa6
30.Rxb8 Qxc4 31.Rxe8+ Kg7 32.Bxe5+ dxe5 33.Rxa8 e4 34.f6+ Kh6 35.Bg4 Qxd5
36.Ra1 Qg5 37.h3 Qxf6 38.Nc3 Qd4+ 39.Kh2 f5 40.Bd1 f4 41.Ra4 c4 42.Bg4 f3
43.Nxe4 fxg2 44.Kxg2 Qxe4+ 45.Kg3 Qxc2 46.Rb4 c3 47.bxc3 Qd3+  0-1

[Event "22nd World Seniors Open"]
[Site "Kamena Vourla GRE"]
[Date "2012.11.17"]
[Round "5.9"]
[White "Rantanen,Y"]
[Black "Piasetski,L"]
[Result "1/2-1/2"]
[WhiteElo "2346"]
[BlackElo "2298"]

1.e4 g6 2.d4 Bg7 3.Nc3 a6 4.a4 b6 5.h4 h5 6.Nh3 e6 7.Bg5 Ne7 8.e5 Bb7 9.Qe2 d5
10.Nd1 c5 11.c3 Nbc6 12.Qd2 Qd7 13.Ne3 Na5 14.Qd1 c4 15.Nf4 Bc6 16.Ra3 O-O-O
17.g4 hxg4 18.Nxg4 Kb7 19.Nf6 Qc7 20.h5 Bh6 21.Bxh6 Rxh6 22.Rg1 gxh5 23.N4xh5 Rdh8
24.f4 Qd8 25.Rg5 Ng8 26.Qg4 Nxf6 27.Nxf6 Rxf6 28.exf6 Qxf6 29.Rg7 Be8 30.Qg5 Rh6
31.Bg2 Nc6 32.Kf2 Ne7 33.a5 Qxg5 34.Rxg5 Rf6 35.Rg4 Bd7 36.Ra1 bxa5 37.Bf3 a4
38.Rh1 e5 39.fxe5 Rb6 40.Rf4 Rxb2+ 41.Ke3 Be6 42.Ra1 Rc2 43.Ra3 Ng6 44.Rf6 Nh4
45.Rf4 Ng6 46.Rf6 Nh4  1/2-1/2

[Event "11th Kheireddine Ameyar Mem 2012"]
[Site "Algiers ALG"]
[Date "2012.11.18"]
[Round "5.12"]
[White "Latreche,K"]
[Black "Oussedik,Mahfoud"]
[Result "1/2-1/2"]
[WhiteElo "1875"]
[BlackElo "2277"]

1.e4 g6 2.d4 Bg7 3.Nc3 c5 4.d5 d6 5.Bb5+ Nd7 6.a4 Nf6 7.Nf3 O-O 8.O-O a6
9.Bc4 Rb8 10.Nd2 Ne8 11.f4 Nc7 12.a5 b5 13.axb6 Nxb6 14.Bd3 e6 15.dxe6 Nxe6
16.f5 Nc7 17.Qf3 Bd4+ 18.Kh1 d5 19.Ne2 Be5 20.c4 dxc4 21.Nxc4 Nxc4 22.Bxc4 gxf5
23.exf5 Qh4 24.Nf4 Bxf5 25.g3 Qg4 26.Qxg4+ Bxg4 27.Nd3 Bd4 28.Bh6 Bd7 29.h4 Bc6+
30.Kh2 Bg7 31.Bf4 Rbc8 32.Bxc7 Rxc7 33.Rxa6 Bd4 34.b3 Bb7 35.Ra7 Rb8 36.Rf5 Rf8
37.Ne5 Bxe5 38.Rxe5 Rd8 39.Ba6 Rd2+ 40.Re2 Rdd7 41.Bxb7 Rxb7 42.Rxb7 Rxb7
43.Rc2 Rb5 44.Kh3 h5 45.g4 Rxb3+ 46.Kg2 Rb5 47.gxh5 Kg7 48.Kf3 Kf6 49.Rc4 Kg7
50.Rg4+ Kh6 51.Rf4 Rb3+ 52.Ke2 Kg7 53.Rg4+ Kf6 54.h6 Rb8 55.h5 Rh8 56.Rc4 Re8+
57.Kf3 Kg5 58.Rxc5+ Kxh6 59.Rf5 Kg7 60.Kg4 Re1  1/2-1/2

[Event "WY BU14 2012"]
[Site "Maribor SLO"]
[Date "2012.11.18"]
[Round "11.29"]
[White "Asgarizadeh,A"]
[Black "Bayramov,Zaur"]
[Result "1-0"]
[WhiteElo "2170"]
[BlackElo "1941"]

1.e4 g6 2.d4 Bg7 3.Nc3 c5 4.dxc5 Bxc3+ 5.bxc3 Qa5 6.Bd2 Qxc5 7.Bd3 Nc6 8.Nf3 Nf6
9.O-O d6 10.h3 O-O 11.Qe2 Qh5 12.Qe3 d5 13.e5 Ne4 14.Bxe4 dxe4 15.Qxe4 Bf5
16.Qe2 Bxc2 17.Bg5 Bf5 18.Qe3 f6 19.Bh6 Rfd8 20.exf6 exf6 21.Qf4 Ne5 22.Nxe5 fxe5
23.Qc4+ Kh8 24.Be3 Bd3 25.Qc7 Bxf1 26.Rxf1 Qf5 27.Qxb7 Qd7 28.Qe4 Qf5 29.Qh4 Rd7
30.c4 Rc8 31.c5 Rc6 32.Qa4 Rdc7 33.Rd1 Qf6 34.Rd5 Qe6 35.Rd8+ Kg7 36.Qh4 h5
37.Qg5 Qe7 38.Qh6+ Kf7 39.Qh8 Ke6 40.Re8  1-0

[Event "Plzen Open 2012"]
[Site "Plzen CZE"]
[Date "2012.11.19"]
[Round "2"]
[White "Smirnova,An"]
[Black "Latas,B"]
[Result "1/2-1/2"]
[WhiteElo "2088"]
[BlackElo "2276"]

1.d4 g6 2.e4 Bg7 3.Nc3 d5 4.exd5 Nf6 5.Bb5+ Bd7 6.Bc4 O-O 7.Nf3 Bf5 8.O-O a6
9.a4 Nbd7 10.a5 Ne8 11.h3 Nd6 12.Bb3 Nf6 13.Re1 Re8 14.Bf4 Nb5 15.Nxb5 axb5
16.Be5 Nxd5 17.Bxg7 Kxg7 18.Re5 c6 19.Bxd5 cxd5 20.c3 f6 21.Re3 Rxa5 22.Rxa5 Qxa5
23.Qe2 Kf7 24.b4 Qb6 25.Ne1 Qc6 26.g4 Bc8 27.Ng2 Qd6 28.Qxb5 Bd7 29.Qxb7 e5
30.Qa7 Kf8 31.Qc5 Qxc5 32.bxc5 Bc6 33.Kf1 Kf7 34.Ne1 e4 35.Nc2 f5 36.gxf5 gxf5
37.f4 Bb5+ 38.Kf2 Ra8 39.Nb4 Bc4 40.Re1 Ra3 41.Re3 Ke6 42.Rg3 Kd7 43.Rg7+ Kc8
44.Rg8+ Kc7 45.Rg7+ Kd8  1/2-1/2

[Event "22nd World Seniors Open"]
[Site "Kamena Vourla GRE"]
[Date "2012.11.21"]
[Round "8.42"]
[White "Urbanc,V"]
[Black "Blaushtain,B"]
[Result "1/2-1/2"]
[WhiteElo "1916"]
[BlackElo "2092"]

1.e4 g6 2.d4 Bg7 3.Nc3 c5 4.Nf3 cxd4 5.Nxd4 Nc6 6.Be3 d6 7.Be2 Bd7 8.Qd2 Nf6
9.f3 a6 10.O-O O-O 11.Rfd1 Qc7 12.Nd5 Nxd5 13.exd5 Ne5 14.b3 b5 15.Rac1 Rfc8
16.c4 bxc4 17.bxc4 Ba4 18.Nb3 Qb7 19.c5 dxc5 20.Nxc5 Rxc5 21.Bxc5 Bxd1 22.Bxd1 Rc8
23.Bb3 Bf6 24.Be3  1/2-1/2

[Event "ch-Commonwealth 2012"]
[Site "Chennai IND"]
[Date "2012.11.23"]
[Round "2"]
[White "Deepan,C"]
[Black "Karthik,V4"]
[Result "1-0"]
[WhiteElo "2500"]
[BlackElo "1990"]

1.e4 g6 2.d4 Bg7 3.Nc3 c5 4.d5 d6 5.h3 Nf6 6.Nf3 O-O 7.Be2 a6 8.a4 e6 9.O-O exd5
10.exd5 Nbd7 11.Bf4 Qc7 12.Re1 Rb8 13.Bf1 h6 14.Qd2 g5 15.Bh2 Rd8 16.Re7 Bf8
17.Re3 Bg7 18.Re7 Bf8 19.Ree1 Bg7 20.Qd3 Nf8 21.Nd2 Ng6 22.Nc4 b6 23.Qg3 Bf8
24.Qf3 Kg7 25.Ne3 Nh4 26.Qd1 Re8 27.Bd3 Kg8 28.Bg3 Ng6 29.Qf3 Kg7 30.Bf5 Bb7
31.Bg4 Nd7 32.Bxd7 Qxd7 33.Nf5+ Kh8 34.Nxd6 Bxd6 35.Qf6+ Kg8 36.Bxd6 Rbd8
37.Bg3 b5 38.axb5 axb5 39.Qb6 b4 40.Ne4 Rxe4 41.Rxe4 Qxd5 42.f3 Kg7 43.Rae1 Rd7
44.Kh2 Qd2 45.R4e2 Qd4 46.Bf2 Qf4+ 47.Kg1 h5 48.Qxc5 g4 49.fxg4 hxg4 50.c3 gxh3
51.Bd4+ f6 52.Rf2 Qg4 53.Bxf6+ Kh7 54.Qg5 Qxg5 55.Bxg5 Bxg2 56.cxb4 Rb7 57.Kh2 Rxb4
58.Rf7+ Kg8 59.Rc7 Bd5 60.Re8+  1-0

[Event "ch-Commonwealth 2012"]
[Site "Chennai IND"]
[Date "2012.11.23"]
[Round "2"]
[White "Srija,S"]
[Black "Neelotpal,D"]
[Result "0-1"]
[WhiteElo "1990"]
[BlackElo "2467"]

1.e4 g6 2.d4 Bg7 3.Nc3 a6 4.Be3 b5 5.Bd3 Bb7 6.Nf3 d6 7.O-O Nd7 8.a4 b4 9.Ne2 Ngf6
10.Ng3 O-O 11.c3 a5 12.Qd2 c5 13.Bh6 e6 14.Rfd1 Qc7 15.c4 Bxh6 16.Qxh6 cxd4
17.Nxd4 Qb6 18.Bc2 b3 19.Nxb3 Rfc8 20.c5 Nxc5 21.Nd4 Ncxe4 22.Bxe4 Nxe4 23.Ra3 Nf6
24.Ndf5 exf5 25.Nxf5 Qxf2+ 26.Kxf2 Ng4+ 27.Kg3 Nxh6 28.Nxh6+ Kg7 29.Ng4 Rc2
30.Ne3 Rxb2 31.Rxd6 Re8 32.Rc3 Re2 33.Rdd3 Ba6 34.Nc4 R8e4 35.Kf3 Re1  0-1

[Event "British Rapidplay"]
[Site "Leeds ENG"]
[Date "2012.11.24"]
[Round "5.4"]
[White "Wells,P"]
[Black "Storey,Ch"]
[Result "1/2-1/2"]
[WhiteElo "2488"]
[BlackElo "2245"]

1.d4 g6 2.e4 Bg7 3.Nc3 c5 4.dxc5 Bxc3+ 5.bxc3 Nf6 6.Bd3 Qa5 7.Nf3 O-O 8.O-O Qxc5
9.e5 Ng4 10.Bf4 Nc6 11.Qe2 f6 12.exf6 Rxf6 13.Bg3 Nh6 14.Nd4 Rf7 15.Rad1 d5
16.Ne6 Bxe6 17.Qxe6 Nd8 18.Qe5 Ng4 19.Qe2 Nf6 20.c4 d4 21.Rfe1 Nc6 22.Rb1 Nb4
23.Qe5 Nxd3 24.cxd3 Qa3 25.Qxd4 b6 26.Re2 Rff8 27.Qe3 Rad8 28.d4 Qxe3 29.fxe3 Ne4
30.Rf1 Rxf1+ 31.Kxf1 Rc8 32.Rc2 Rxc4 33.Rxc4 Nd2+ 34.Ke2 Nxc4 35.Kd3 Nd6
36.Bxd6 exd6 37.Ke4 Kf7 38.Kd5 Ke7 39.Kc6 Ke6 40.e4 g5 41.g4 Ke7 42.a4 Ke6
43.Kb7 Kd7 44.Kxa7 Kc6 45.e5 dxe5 46.dxe5 b5 47.axb5+ Kxb5 48.e6 Kc6 49.e7 Kd7
50.Kb6 Kxe7 51.Kc5 Ke6 52.Kd4  1/2-1/2

[Event "Doroshkevicha Mem Open 2012"]
[Site "Sochi RUS"]
[Date "2012.11.29"]
[Round "4"]
[White "Trubchaninov,Artem"]
[Black "Vastrukhin,O"]
[Result "0-1"]
[WhiteElo "1698"]
[BlackElo "2336"]

1.e4 g6 2.d4 Bg7 3.Nc3 a6 4.Be3 b5 5.a3 Bb7 6.Bd3 d6 7.Nf3 Nd7 8.O-O Ngf6
9.b4 O-O 10.h3 Re8 11.Nd2 e5 12.d5 c6 13.dxc6 Bxc6 14.Nb3 Rc8 15.a4 Ba8 16.Bd2 d5
17.f3 Qb6+ 18.Kh2 d4 19.Nb1 Bc6 20.a5 Qc7 21.Na3 Red8 22.Rc1 Nh5 23.c4 dxc3
24.Rxc3 Nf4 25.Qc2 Qd6 26.g3 Ne6 27.Rc1 Bb7 28.Qb1 Rxc3 29.Bxc3 h5 30.h4 g5
31.hxg5 Nxg5 32.Nd2 Nf8 33.Be2 h4 34.Rg1 Qh6 35.g4 Nge6 36.Nf1 Qf4+ 37.Kg2 Ng5
38.Nh2 Nxe4 39.Be1 Ne6 40.Nc2 N6g5 41.Rf1 Nd2  0-1

[Event "London Classic Women Inv"]
[Site "London ENG"]
[Date "2012.12.07"]
[Round "7"]
[White "Olsarova,T"]
[Black "Owens,M"]
[Result "1-0"]
[WhiteElo "2267"]
[BlackElo "1847"]

1.e4 g6 2.d4 Bg7 3.Nc3 c5 4.Be3 cxd4 5.Bxd4 Nf6 6.e5 Ng8 7.e6 f6 8.exd7+ Bxd7
9.Bc4 Nh6 10.Nf3 Nc6 11.O-O Na5 12.Bd5 Qc7 13.Qe2 Nf5 14.Nb5 Bxb5 15.Qxb5+ Nc6
16.Qa4 Qd7 17.Bxc6 Qxc6 18.Qb3 e5 19.Rfe1 Ne7 20.Rad1 Qd5 21.Qxd5 Nxd5 22.Bxe5 fxe5
23.Rxd5 O-O 24.Nxe5 Rae8 25.Nd3 Rxe1+ 26.Nxe1 Bxb2 27.Nd3 Bc3 28.f4 Bd2 29.g3 Rc8
30.c4 Be3+ 31.Kf1 Rxc4 32.Rd8+ Kg7 33.Rd7+ Kg8 34.Ne5 Ra4 35.Ke2 Bd4 36.Kd3 Bxe5
37.fxe5 h5 38.e6 Kf8 39.Rxb7 Rxa2 40.Ke4 Ra5 41.Rf7+ Ke8 42.Rh7 h4 43.g4 g5
44.Rf7 Kd8 45.h3 Ke8 46.Rc7 Kd8 47.Rd7+ Ke8 48.Rf7 Kd8 49.Rf5 Rxf5 50.gxf5 a5
51.f6 a4 52.Kd5 a3 53.Kd6 Ke8 54.e7 Kf7 55.Kd7 Kxf6 56.e8=Q Kf5 57.Kd6  1-0

[Event "Malmo Open"]
[Site "Malmo SWE"]
[Date "2012.12.16"]
[Round "6"]
[White "Hector,J"]
[Black "Fries Nielsen,JO"]
[Result "1-0"]
[WhiteElo "2539"]
[BlackElo "2365"]

1.e4 g6 2.d4 Bg7 3.Nc3 Nc6 4.Be3 d5 5.exd5 Nb4 6.Bb5+ Bd7 7.Bc4 Bf5 8.Bb3 Nf6
9.Nge2 Nbxd5 10.Nxd5 Nxd5 11.Ng3 Be6 12.c4 Nxe3 13.fxe3 c5 14.Ba4+ Bd7 15.O-O O-O
16.dxc5 Bxa4 17.Qxa4 Qd2 18.Qb3 f5 19.Rf2 Qd7 20.Rd1 Qc7 21.Rfd2 Qxc5 22.Rd5 Qc6
23.Rd7 f4 24.exf4 Rxf4 25.Qe3 Rxc4 26.Qxe7 Qc5+ 27.Qxc5 Rxc5 28.Rxb7 Rc2
29.Ne4 Rxb2 30.Rxb2 Bxb2 31.Kf2 Rb8 32.Ke3 Be5 33.h4 Rb2 34.Rd8+ Kf7 35.Rd7+ Ke6
36.Nc5+ Kf6 37.g4 Rxa2 38.Rxh7 Bh2 39.Ke4 Re2+ 40.Kf3 Ra2 41.Nd7+ Ke6 42.Nf8+ Kd5
43.Nxg6 Ra3+ 44.Ke2 a5 45.h5 a4 46.Ra7 Bd6 47.h6 Rh3 48.h7 Rh2+ 49.Kf3 Bc5
50.Nf4+ Kc6 51.Nh5 Rf2+ 52.Ke4 Rf8 53.Rxa4 Rh8 54.Nf6  1-0

[Event "Amplico ch-EUR Rapid"]
[Site "Warsaw POL"]
[Date "2012.12.16"]
[Round "11.45"]
[White "Zawadzki,S"]
[Black "Adamowicz,M"]
[Result "1-0"]
[WhiteElo "2432"]
[BlackElo "2037"]

1.d4 g6 2.e4 Bg7 3.Nc3 c5 4.Nf3 cxd4 5.Nxd4 Nc6 6.Be3 Nf6 7.Bc4 Qa5 8.O-O O-O
9.Bb3 d6 10.f3 Bd7 11.Qd2 Rac8 12.Rad1 Ne5 13.Bg5 Qd8 14.Nde2 b5 15.Kh1 Nc4
16.Bxc4 Rxc4 17.e5 b4 18.exf6 exf6 19.Bf4 bxc3 20.Nxc3 Bf5 21.Bxd6 Re8 22.Ba3 Qxd2
23.Rxd2 Bh6 24.Rdf2 Kg7 25.g4 Bd7 26.Ne4 Rb8 27.b3 Rc6 28.Bb2 g5 29.h4  1-0

[Event "22nd North American Open"]
[Site "Las Vegas USA"]
[Date "2012.12.28"]
[Round "5.7"]
[White "Bryant,J"]
[Black "Ramirez,Alej"]
[Result "1/2-1/2"]
[WhiteElo "2416"]
[BlackElo "2554"]

1.e4 g6 2.d4 Bg7 3.Nc3 c5 4.Nf3 cxd4 5.Nxd4 Nc6 6.Nb3 Nf6 7.Be2 O-O 8.O-O d6
9.Re1 a5 10.a4 Be6 11.Bf1 Bxb3 12.cxb3 e6 13.Bg5 h6 14.Bh4 g5 15.Bg3 d5 16.exd5 Nxd5
17.Rc1 Nd4 18.f3 Nf5 19.Bf2 Nb4 20.g4 Nd4 21.Re4 e5 22.Nb5 Nbc6 23.Nxd4 Nxd4
24.Bxd4 exd4 25.Bd3 Qd6 26.Qe2 Bf6 27.Kg2 Rac8 28.Re1 Kg7 29.Bc4 Rfd8 30.Qd3 Rc7
31.R1e2 Rh8 32.Re8 Rxe8 33.Rxe8 Re7 34.Rxe7  1/2-1/2

[Event "Australian Open 2013"]
[Site "Cammeray AUS"]
[Date "2013.01.02"]
[Round "1.40"]
[White "Willathgamuwa,Kevin"]
[Black "Lester,G"]
[Result "0-1"]
[WhiteElo "1689"]
[BlackElo "1970"]

1.e4 g6 2.d4 Bg7 3.Nc3 a6 4.Be3 d6 5.Qd2 Nd7 6.Bd3 b5 7.a3 Bb7 8.f3 c5 9.d5 Rc8
10.Nh3 Ngf6 11.O-O O-O 12.Nf2 e6 13.Be2 exd5 14.exd5 Nb6 15.Bg5 Qc7 16.Bxf6 Bxf6
17.Nfe4 Bg7 18.Rad1 b4 19.Na2 Nxd5 20.c3 bxa3 21.bxa3 c4 22.Rfe1 h6 23.Bf1 f5
24.Nf2 Rfe8 25.Nh3 Qc5+ 26.Kh1 Ne3 27.Qxd6 Qxd6 28.Rxd6 Nxf1 29.Rxf1 Rc6
30.Rd2 g5 31.Rb1 Rc7 32.Kg1 Re3 33.Rdb2 Bc8 34.Rc1 Kh7 35.Nb4 Bxc3 36.Rbc2 Bxb4
37.axb4 Be6 38.Ra2 Rc6 39.Nf2 Rb3 40.Ra4 Rb6 41.Re1 Kg6 42.g4 Rxf3 43.h3 fxg4
44.hxg4 Bxg4 45.Nxg4 Rg3+ 46.Kh2 Rxg4 47.Rea1 c3 48.Rxa6 Rxb4 49.Rxb6+ Rxb6
50.Rc1 Rc6 51.Rc2 Kf5 52.Kg3 Ke4 53.Kg4 Kd3 54.Rxc3+ Rxc3 55.Kh5 Ke4 56.Kxh6 Kf5
57.Kh7 Kf6 58.Kh6 Rh3+  0-1

[Event "25th Staufer Open"]
[Site "Schwaebisch Gmuend GER"]
[Date "2013.01.03"]
[Round "3.2"]
[White "Wagner,Fl"]
[Black "Zubarev,Al1"]
[Result "0-1"]
[WhiteElo "2210"]
[BlackElo "2595"]

1.d4 g6 2.e4 Bg7 3.Nc3 a6 4.a4 d6 5.h3 Nd7 6.Nge2 Rb8 7.a5 c5 8.Be3 b5 9.axb6 Qxb6
10.Ra2 Ngf6 11.g4 e5 12.dxe5 Nxe5 13.Bg2 O-O 14.O-O Re8 15.Ng3 Bb7 16.Qc1 Nc6
17.Bh6 Bh8 18.Re1 Nd4 19.Nh5 Nxh5 20.gxh5 Re6 21.Bg5 Rbe8 22.Re3 gxh5 23.Qd1 Rg6
24.Rg3 Be5 25.f4 h6 26.Qxh5 hxg5 27.fxe5 Rxe5 28.Ra1 c4 29.Kh1 Qd8 30.Qd1 Ne6
31.Qf1 Nf4 32.Qxc4 Qe7 33.Nd5 Bxd5 34.exd5 Re1+ 35.Rxe1 Qxe1+ 36.Kh2 Ne2  0-1

[Event "Dvorkovich Mem 2013"]
[Site "Taganrog RUS"]
[Date "2013.01.15"]
[Round "1.1"]
[White "Demianjuk,A"]
[Black "Khismatullin,D"]
[Result "0-1"]
[WhiteElo "2340"]
[BlackElo "2652"]

1.d4 g6 2.e4 Bg7 3.Nc3 a6 4.h4 c5 5.d5 b5 6.d6 Nc6 7.Bf4 Nf6 8.h5 O-O 9.e5 Nxh5
10.Bh2 Bb7 11.Nf3 Re8 12.g4 Nxe5 13.Bxe5 Bxe5 14.Be2 Bxc3+ 15.bxc3 exd6 16.Kf1 Qf6  0-1

[Event "TCh-AUT 2012-13"]
[Site "Graz AUT"]
[Date "2013.01.19"]
[Round "6.6"]
[White "Lehner,O"]
[Black "Hebesberger,T"]
[Result "1-0"]
[WhiteElo "2446"]
[BlackElo "2331"]

1.d4 g6 2.e4 Bg7 3.Nc3 c5 4.dxc5 Qa5 5.Bd2 Qxc5 6.Nd5 Na6 7.Nf3 e6 8.Bc3 f6
9.b4 Qf8 10.Ne3 Nh6 11.Qd2 Qe7 12.Bc4 O-O 13.Rd1 Nf7 14.O-O b6 15.Rfe1 Rd8
16.Nd4 Nc7 17.b5 Bb7 18.Bb4 Qe8 19.f3 Rac8 20.a4 Bf8 21.Ng4 Bg7 22.Bb3 Kh8
23.Qf2 Ne5 24.Ne3 Bf8 25.Bxf8 Qxf8 26.f4 Nf7 27.Ng4 Nh6 28.Nxh6 Qxh6 29.Rd3 Ne8
30.f5 e5 31.Rh3 Qxh3 32.gxh3 exd4 33.fxg6 hxg6 34.e5 f5 35.Qh4+ Kg7 36.Qe7+ Kh6
37.e6  1-0

[Event "11th Gibraltar Masters"]
[Site "Caleta ENG"]
[Date "2013.01.25"]
[Round "4.92"]
[White "Nwachukwu,Chino"]
[Black "Karlsson,J"]
[Result "0-1"]
[WhiteElo "1962"]
[BlackElo "2165"]

1.e4 g6 2.d4 Bg7 3.Nc3 a6 4.Nf3 b5 5.Bd3 d6 6.O-O Nd7 7.Ne2 c5 8.c3 Bb7 9.Re1 e5
10.Bg5 Ne7 11.a4 c4 12.Bc2 f6 13.Be3 O-O 14.dxe5 dxe5 15.Qd6 Nc8 16.Qe6+ Rf7
17.Red1 Qc7 18.Qe8+ Nf8 19.Qd8 Qxd8 20.Rxd8 Rd7 21.Rxd7 Nxd7 22.Rd1 Bc6 23.a5 Bf8
24.b4 Nd6 25.Ng3 Kf7 26.Kf1 Re8 27.h4 h5 28.Ke2 Re6 29.Ba7 Ke7 30.Be3 Nf7
31.Nd2 Rd6 32.f3 Bh6 33.Bf2 Nd8 34.Ngf1 Ne6 35.g3 Bb7 36.Ne3 Kf7 37.Rg1 Nb8
38.Rd1 Nc6 39.Nd5 f5 40.exf5 gxf5 41.Ne3 Ncd4+ 42.cxd4 Nxd4+ 43.Kf1 Bxe3
44.Nxc4 bxc4 45.Bxe3 Bxf3 46.Rd2 Ke6 47.Kf2 Bg4 48.Ba4 Rd5 49.Ra2 Rd8 50.Bxd4 exd4
51.b5 axb5 52.Bxb5 Kd5 53.Rc2 c3 54.Bd3 Bd1 55.Rc1 Bb3 56.Ba6 Kc5 57.Bb7 Bd5
58.a6 Kb6 59.Rb1+ Ka7 60.Ke1 Be4 61.Rb3 Bc2 62.Ra3 Re8+ 63.Kf2 Be4 64.Ra4 d3
65.Bxe4 Rxe4 66.Rxe4 fxe4 67.Ke3 c2 68.Kd2 e3+ 69.Kc1 e2  0-1

[Event "11th Gibraltar Masters"]
[Site "Caleta ENG"]
[Date "2013.01.31"]
[Round "10.58"]
[White "Rudolf,An"]
[Black "Karlsson,J"]
[Result "1-0"]
[WhiteElo "2312"]
[BlackElo "2165"]

1.e4 g6 2.d4 Bg7 3.Nc3 a6 4.a4 b6 5.Nf3 d6 6.Bc4 e6 7.O-O Ne7 8.Be3 O-O 9.Qd2 Nd7
10.Bg5 Bb7 11.Rad1 Qe8 12.Rfe1 Nc6 13.Ne2 Na5 14.Bd3 c5 15.b4 Nc6 16.c3 Ra7
17.Bc4 cxb4 18.cxb4 Nd8 19.Nc3 Kh8 20.Bb3 f6 21.Bf4 Qe7 22.h4 Nf7 23.Qa2 Re8
24.Re2 g5 25.Bg3 g4 26.Nd2 h5 27.Nf1 Nf8 28.Ne3 Ba8 29.Rde1 Rc8 30.Ned1 Rac7
31.Nb1 Nh6 32.Nd2 b5 33.a5 e5 34.Nf1 Ng6 35.Qd2 Nf7 36.Qa2 Bb7 37.Nb2 Rc3
38.Nd1 Rd3 39.Bxf7 Qxf7  1-0

[Event "Moscow Open A 2013"]
[Site "Moscow RUS"]
[Date "2013.02.03"]
[Round "2.7"]
[White "Krapivin,A"]
[Black "Demchenko,A"]
[Result "0-1"]
[WhiteElo "2435"]
[BlackElo "2627"]

1.e4 g6 2.d4 Bg7 3.Nc3 a6 4.Be3 d6 5.Qd2 Nd7 6.g3 b5 7.Bg2 Bb7 8.Nge2 Ngf6
9.f3 c5 10.O-O cxd4 11.Nxd4 O-O 12.a4 b4 13.Nd1 a5 14.Nf2 d5 15.Rad1 dxe4
16.fxe4 Ne5 17.Qe2 Qc8 18.b3 Nfg4 19.Bg5 Nxf2 20.Qxf2 Ng4 21.Qf3 Bxd4+ 22.Rxd4 Qc5
23.Be3 Nxe3 24.Qxe3 Rad8 25.Rd3 Qxc2 26.Rxd8 Rxd8 27.Qb6 Rd2 28.Bf3 Rd7 29.Qb5 Qc7
30.Rf2 e6 31.Kg2 h6 32.h4 Kg7 33.Kh3 Rd8 34.Kh2 Rd4 35.Qe2 Qe5 36.Qf1 Rd7
37.Qe2 Rc7 38.Rf1 Rc3 39.Qf2 Qc5 40.Qxc5 Rxc5 41.Rd1 Rc3  0-1

[Event "ch-TUR 2013"]
[Site "Antalya TUR"]
[Date "2013.02.06"]
[Round "7.28"]
[White "Kayar,E"]
[Black "Yelligedik,Murat"]
[Result "0-1"]
[WhiteElo "2087"]
[BlackElo "1846"]

1.e4 c5 2.Nc3 g6 3.d4 Bg7 4.dxc5 Bxc3+ 5.bxc3 Qa5 6.Qd4 Nf6 7.Qb4 Qc7 8.Bd3 Nc6
9.Qb3 Na5 10.Qb4 Nc6 11.Qa4 Qe5 12.Ne2 Qxc5 13.Rb1 Qa5 14.Qxa5 Nxa5 15.Bh6 d6
16.Bg7 Rg8 17.Bxf6 exf6 18.f4 Ke7 19.Kf2 Be6 20.f5 Bd7 21.Bb5 Rac8 22.Nf4 Bc6
23.Rhe1 Rgd8 24.Bxc6 bxc6 25.Rb4 Ra8 26.Reb1 Rd7 27.Ra4 Nb7 28.Nd3 Kd8 29.g4 Kc7
30.Rc4 Rdd8 31.Kf3 Rdb8 32.Ra4 a5 33.Rd4 Ra6 34.c4 Raa8 35.Rd1 Rd8 36.h4 a4
37.a3 c5 38.Rd5 Na5 39.fxg6 fxg6 40.Nf4 Kc6 41.Ne6 Nxc4 42.Nxd8+ Rxd8 43.Ra1 Rb8
44.Ke2 Ne5 45.g5 f5 46.exf5 Kxd5 47.f6 Ke4 48.h5 Nf7 49.hxg6 hxg6 50.Rg1 Kf5
51.Kd3 Nxg5 52.Rf1+ Ke6 53.Rf4 Ra8 54.Kc4 Ke5 55.Rf1 d5+ 56.Kxc5 Ne4+ 57.Kc6 Nxf6
58.Re1+ Ne4 59.Rd1 Rc8+  0-1

[Event "Moscow Open B 2013"]
[Site "Moscow RUS"]
[Date "2013.02.09"]
[Round "8.4"]
[White "Stetsko,L"]
[Black "Charochkina,D"]
[Result "1/2-1/2"]
[WhiteElo "2184"]
[BlackElo "2332"]

1.e4 g6 2.d4 Bg7 3.Nc3 a6 4.a4 d6 5.Be3 Nc6 6.Bc4 e5 7.Nge2 Nf6 8.h3 O-O
9.d5 Ne7 10.Qd2 c6 11.Bg5 Qc7 12.Bb3 Kh8 13.O-O c5 14.Bc4 Nfg8 15.Bh4 h6
16.Bg3 g5 17.h4 gxh4 18.Bxh4 Ng6 19.Bg3 Qe7 20.f3 Bd7 21.Bd3 Rac8 22.b3 Nf6
23.Kf2 Nh5 24.Rh1 Nhf4 25.Bxf4 exf4 26.Nxf4 Nxf4 27.Qxf4 Qe5 28.Qxe5 Bxe5
29.Rxh6+ Kg7 30.Rah1 Bxc3 31.Rxd6 Rcd8 32.f4 Bd4+ 33.Kf1 Bb5 34.Rxd8 Bxd3+
35.cxd3 Rxd8 36.Ke2 f6 37.Kf3 b5 38.axb5 axb5 39.Rb1 b4 40.g4 Rh8 41.Kg3 Ra8
42.Kh4 Kg6 43.Rf1 Ra3 44.e5 fxe5 45.f5+ Kf7 46.g5 Be3 47.Kg4 Ra8 48.g6+ Kg7
49.Rh1 Bh6 50.Kf3 Ra2 51.Re1 Kf6 52.Rh1 Kg7 53.Re1 Rd2 54.Ke4 Kf6 55.d6 c4
56.bxc4 b3 57.d7 Ke7 58.f6+ Kxd7 59.g7 Rg2 60.Kxe5 Bd2 61.Rb1 Rg5+ 62.Ke4 Ke6
63.Rxb3 Kxf6 64.Rb7 Rxg7 65.Rxg7 Kxg7 66.c5 Kf6 67.Kd5 Ke7 68.Kc6 Be3  1/2-1/2

[Event "e2e4 Torquay Open"]
[Site "Torquay ENG"]
[Date "2013.02.09"]
[Round "2"]
[White "Mackle,Dominic"]
[Black "Thompson,Robert"]
[Result "1-0"]
[WhiteElo "2233"]
[BlackElo "1954"]

1.d4 g6 2.e4 Bg7 3.Nc3 c5 4.dxc5 Qa5 5.Bd3 Qxc5 6.Nge2 Nf6 7.Be3 Qa5 8.O-O Nc6
9.h3 O-O 10.Qd2 d6 11.Bh6 Ne5 12.Bxg7 Kxg7 13.f4 Nxd3 14.cxd3 b5 15.a3 Bb7
16.Qe3 a6 17.b4 Qd8 18.Rac1 Qd7 19.Nd4 e5 20.fxe5 dxe5 21.Nb3 Qd6 22.Nc5 Bc8
23.Rcd1 Nd7 24.d4 Nb6 25.dxe5 Qxe5 26.Nd5 Nc4 27.Qf3 Be6 28.Nf4 Nb2 29.Ncxe6+ fxe6
30.Rd7+ Kg8 31.Qg4 Qxe4 32.Rg7+ Kxg7 33.Nh5+ Kh6 34.Qxe4  1-0

[Event "Frau Bundesliga Div1 2012-13"]
[Site "Germany GER"]
[Date "2013.02.17"]
[Round "9.5"]
[White "Belic,J"]
[Black "Kiefhaber,V"]
[Result "0-1"]
[WhiteElo "2298"]
[BlackElo "2229"]

1.e4 g6 2.d4 Bg7 3.Nc3 d5 4.exd5 Nf6 5.Bb5+ Nbd7 6.Qf3 O-O 7.Bxd7 Bxd7 8.Bf4 Rc8
9.h3 c6 10.d6 Bf5 11.O-O-O exd6 12.g4 Be6 13.Qg3 d5 14.f3 b5 15.Be5 Qa5 16.Kb1 Rfe8
17.Qf4 Nd7 18.Bxg7 Kxg7 19.h4 b4 20.Nce2 c5 21.h5 Kg8 22.Qh6 Nf8 23.dxc5 Rxc5
24.Nd4 Rc4 25.Nh3 Qc5 26.Qd2 a5 27.Ng5 Qc7 28.hxg6 hxg6 29.Rh4 Qe5 30.f4 Qg7
31.b3 Rc5 32.Rdh1 Rec8 33.Qh2 Qxd4 34.Rh8+ Kg7 35.Qh6+ Kf6 36.Rxf8 Qd2 37.c4 bxc3
38.Rc1 Qb2+  0-1

[Event "Moscow Gov Cup A Rapid"]
[Site "Moscow RUS"]
[Date "2013.02.20"]
[Round "10.14"]
[White "Isaly,S"]
[Black "Karmanova,M"]
[Result "1/2-1/2"]
[WhiteElo "2098"]
[BlackElo "2059"]

1.e4 g6 2.d4 Bg7 3.Nc3 d5 4.exd5 Nf6 5.Nf3 O-O 6.Be2 Nxd5 7.Nxd5 Qxd5 8.c4 Qd8
9.O-O Bf5 10.Bd3 Bxd3 11.Qxd3 c5 12.d5 Nd7 13.Be3 Qc7 14.Qb3 Qb6 15.Qc2 Qc7
16.Bd2 Ne5 17.Nxe5 Bxe5 18.h3 Rfe8 19.Bc3 e6 20.Bxe5 Qxe5 21.Rfe1 Qd6 22.Qa4 Re7
23.dxe6 Rxe6 24.Rad1 Rxe1+ 25.Rxe1 b6 26.Re8+  1/2-1/2